000 00773nam a22000977a 4500
999 _c58320
_d58320
008 211104b xxu||||| |||| 00| 0 geo d
020 _a9789941901737
080 _a32(73) ფ-36
245 _aფედერალისტი:
_bფედერალისტური წერილები : პოლიტიკური ესეები /
_cალექსანდრე ჰამილტონის, ჯეიმს მედისონის, ჯონ ჯეის ; ინგლისურიდან თარგმნა: გიორგი ბარამიძემ
260 _aთბილისი.
_bგრიგოლ რობაქიძის სახელობის სახელმწიფო უნივერსიტეტი
_c2008